[Event "CRO-chT2c"]
[Site "Croatia"]
[Date "2009.10.17"]
[Round "8"]
[White "Jovanovic, Milenko"]
[Black "Poljanac, Boris"]
[Result "1-0"]
[WhiteElo "2221"]
[BlackElo "2028"]
[PlyCount "39"]
[EventDate "2009.04.04"]
[EventType "team-tourn"]
[EventRounds "11"]
[EventCountry "CRO"]
[SourceTitle "EXT 2011"]
[Source "ChessBase"]
[SourceDate "2010.11.26"]
[SourceVersion "1"]
[SourceVersionDate "2010.11.26"]
[SourceQuality "1"]

1. d4 Nf6 2. Nf3 d5 3. c4 c6 4. cxd5 cxd5 5. Nc3 e6 6. Bg5 Be7 7. e3 0-0 8. Bd3 Nc6 9. 0-0 a6 10. Rc1 h6 11. Bh4 Bd6 12. Bb1 Bd7 13. a3 g5 14. Bg3 Bxg3 15. hxg3 b5 16. Ne5 Na5 17. f4 Nh7 18. Bxh7+ Kxh7 19. fxg5 Be8 20. Rf6 1-0

[Event "CRO-chT2 East"]
[Site "Croatia"]
[Date "2005.03.19"]
[Round "3.5"]
[White "Poljanac, Boris"]
[Black "Ivankovic, Stipo"]
[Result "1/2-1/2"]
[WhiteElo "1974"]
[BlackElo "2101"]
[PlyCount "81"]
[EventDate "2005.03.19"]
[EventType "team"]
[EventRounds "11"]
[EventCountry "CRO"]
[SourceTitle "EXT 2007"]
[Source "ChessBase"]
[SourceDate "2006.11.23"]
[SourceVersion "1"]
[SourceVersionDate "2006.11.23"]
[SourceQuality "1"]
[WhiteTeam "Virovitica"]
[BlackTeam "Valpovo HC"]
[WhiteTeamCountry "CRO"]
[BlackTeamCountry "CRO"]

1. d4 d5 2. Nf3 Nf6 3. c4 e6 4. Nc3 c6 5. cxd5 exd5 6. Bf4 Bd6 7. Bg3 Bf5 8. e3 0-0 9. Bd3 Bg6 10. Bxd6 Qxd6 11. 0-0 Nbd7 12. a3 Bh5 13. Rc1 Rae8 14. Be2 Ne4 15. Nxe4 dxe4 16. Nd2 Bg6 17. Qb3 Nb6 18. Rc5 Kh8 19. Ra5 Qb8 20. Bh5 Bxh5 21. Rxh5 f5 22. f4 Qc8 23. Rc1 Qe6 24. Qxe6 Rxe6 25. Nc4 Nxc4 26. Rxc4 g6 27. Rh3 b6 28. Kf2 Kg7 29. Ke2 b5 30. Rc5 a5 31. Rg3 Kf6 32. Kd2 Rd8 33. Kc3 Rd5 34. b4 Rxc5+ 35. bxc5 Re7 36. h4 Rb7 37. Kb3 h6 38. Rh3 h5 39. Rh1 Ke6 40. Ra1 Kd5 41. Rh1 1/2-1/2